MARC

LEADER 00000nam0a2200000 4500
001 42369
005 20231101210739.0
035 |a (RuTPU)RU\TPU\book\43623 
090 |a 42369 
100 |a 20020902d2001 m y0rusy50 ca 
101 0 |a rus  |a eng 
102 |a RU 
105 |a a z 000zy 
200 1 |a Николай Николаевич Семенов  |a Я не мыслю другой жизни, как жизнь вместе с наукой  |f сост. А. Е. Шилов, Г. Б. Сергеев, Л. Г. Щербакова-Семенова, Л. З. Дроздкова 
210 |a Москва  |d 2001 
215 |a 77 с.  |c ил. 
300 |a Парал. текст на англ. яз. 
600 1 |a Семенов  |g Николай Николаевич  |b Н. Н.  |c физик, один из основоположников химической физики  |c академик АН СССР, нобелевский лауреат  |f 1896-1986  |c аспирант Томского технологического института 20-х гг.  |2 stltpush  |3 (RuTPU)RU\TPU\pers\1099 
606 1 |a Физическая химия  |x История  |2 stltpush  |3 (RuTPU)RU\TPU\subj\70594  |9 84813 
610 1 |a химия 
610 1 |a Россия 
610 1 |a 20 век 
675 |a 544(092)  |v 3 
702 1 |a Шилов  |b А. Е.  |4 220 
702 1 |a Сергеев  |b Г. Б.  |4 220 
702 1 |a Щербакова-Семенова  |b Л. Г.  |4 220 
702 1 |a Дроздкова  |b Л. З.  |4 220 
801 1 |a RU  |b 63413507  |c 20020902  |g PSBO 
801 2 |a RU  |b 63413507  |c 20160427  |g PSBO 
942 |c BK